| 000 | 00386cam a22001097a 4500 | ||
|---|---|---|---|
| 008 | 180718b1987 xxu||||| |||| 00| 0 eng d | ||
| 082 | _aT2x5421 In7 | ||
| 245 |
_aAssessment of entrepreneurship among workers for industrialisation- a case study of Ghaziabad town _cby N.K. Soni |
||
| 260 |
_aNew Delhi _bInstitute of Applied Manpower Research _c1987 |
||
| 300 | _a83p. | ||
| 700 | _aSoni, N.K. | ||
| 999 |
_c503513 _d503513 |
||